Štúdium etológie ošípaných na princípe habituačného testu. 2

Bibliographic Details
Main Authors: Hladký, Vladimír (Author), Baňkos, Štefan (Author)
Format: Article
Language:Slovak
PhysicalDescription:Obr. 6. Tb. 6. Res. rus., angl., lit. 8 zázn. v slov.
Subjects:

MARC

LEADER 00000nab a2200000 a 4500
001 vtls000182468
003 SK-MaSNL
005 20260304060941.0
008 250422c1984 xo 0 slo
015 |a SNBRB19rr/mm-uuuuu 
035 |a CL0192581 
035 |a urn:nbn:sk:snk-ab1npg 
035 |a (urnnbn)urn:nbn:sk:snk:ar-004myy 
035 |a (uuid)6917f675-fbcb-4e93-b69e-60b15976710b 
040 |a SNKBUCL  |b slo  |c SNKBUCL  |e AACR2 
041 0 |a slo 
044 |a xo  |c SK 
080 |a 636.4:691.5  |2 1981 
080 |a 691.5  |2 1981 
100 1 |a Hladký, Vladimír  |4 aut  |9 376752 
245 1 0 |a Štúdium etológie ošípaných na princípe habituačného testu. 2  |c Vladimír Hladký, Štefan Baňkos 
300 |b Obr. 6. Tb. 6. Res. rus., angl., lit. 8 zázn. v slov. 
650 0 7 |a ošípané  |2 snkbucl  |9 2795 
650 0 7 |a etológia  |2 snkbucl  |9 18564 
655 7 |a články z novín a časopisov  |2 snkbucl  |9 267496 
700 1 |a Baňkos, Štefan  |4 aut  |9 931939 
773 0 |t Poľnohospodárstvo  |g Roč. 30, č. 3 (1984), s. 237-249 
850 |a Slovenská národná knižnica 
852 |a Slovenská národná knižnica 
954 |a odborná, vedecká literatúra pôvodná (slovenská)  |2 lita 
958 |a article27 
958 |a NB 
958 |a RK 
958 |a OND 
958 |a EUIPO 
992 |a RBX 
999 |c 2730786  |d 2732716